| 000 | 00396nam a2200121Ia 4500 | ||
|---|---|---|---|
| 008 | 220620s9999||||xx |||||||||||||| ||und|| | ||
| 100 | _aRalph H. Johnson | ||
| 245 | 4 | _aThe Rise of Informal Logic | |
| 546 | _aEnglish[eng] | ||
| 650 | _aTheory of argumentation||Reasoning||Informal logic||Philosophy | ||
| 856 | _uhttp://windsor.scholarsportal.info/omp/index.php/wsia/catalog/book/9 | ||
| 942 | _cEB | ||
| 999 |
_c30082 _d30082 |
||